000
00417nam a2200145Ia 4500
008
100204s9999 xx 000 0 und d
082
_b
12425
100
_a
वाळिंबे शरदचंद्र्र
245
_a
भरारी
260
_b
"आशिष प्रकाशन, पुणे"
_c
1989
300
_a
144
630
_a
भरारी
730
_a
भरारी
942
_c
BOOK
999
_c
456858
_d
456855